| 000 | 01248cam a22003255i 4500 | ||
|---|---|---|---|
| 999 |
_c27893 _d27864 |
||
| 001 | 018881114 | ||
| 003 | EG-ScBUE | ||
| 005 | 20191127115422.0 | ||
| 008 | 180524s2017 enk f b 000 0 eng d | ||
| 020 | _a9781138224704 (pbk.) | ||
| 040 |
_aStDuBDS _beng _erda _cStDuBDS _dEG-ScBUE |
||
| 082 | 0 | 4 |
_a401.41 _bEVA _222 |
| 100 | 1 |
_aEvans, David A. _q(David Andreoff), _d1948- _eauthor. |
|
| 245 | 1 | 0 |
_aSituations and speech acts : _btoward a formal semantics of discourse / _cDavid A. Evans. |
| 264 | 1 |
_aAbingdon, Oxon ; _aNew York : _bRoutledge / Taylor & Francis Group, _c2017. |
|
| 300 |
_avii, 211 pages ; _c24 cm. |
||
| 336 |
_atext _btxt _2rdacontent |
||
| 337 |
_aunmediated _bn _2rdamedia |
||
| 338 |
_avolume _bnc _2rdacarrier |
||
| 490 | 0 |
_aRoutledge library editions. _aDiscourse analysis ; _vvolume 3 |
|
| 500 | _a"First published in 1985 by Garland Publishing, Inc." --verso title page. | ||
| 500 | _aOriginal of this book is "Thesis (Ph. D.) Stanford University, 1981". | ||
| 504 | _aIncludes bibliographical references. | ||
| 650 | 7 |
_aSpeech acts (Linguistics) _2BUEsh |
|
| 650 | 7 |
_aSemantics _2BUEsh _937315 |
|
| 650 | 7 |
_aDiscourse analysis _2BUEsh |
|
| 653 |
_bHHUUEENN _cNovember2019 |
||
| 655 | _vReading book | ||
| 942 |
_2ddc _cBB |
||